Statistics for Big Sky College Football Teams

Click here to take the quiz!

General Stats

  • This quiz has been taken 36 times
    (9 since last reset)
  • The average score is 9 of 12

Answer Stats

SchoolTeam Name/Colors% Correct
IdahoVandals
100%
MontanaGrizzlies
100%
Idaho StateBengals
86%
Montana StateBobcats
86%
Northern ArizonaLumberjacks
86%
Northern ColoradoBears
86%
Eastern WashingtonEagles
71%
Portland StateVikings
57%
Sacramento StateHornets
57%
Weber StateWildcats
57%
Cal PolyMustangs
43%
UC DavisAggies
43%

Score Distribution

Percentile by Number Answered

Percent of People with Each Score

Your Score History

You have not taken this quiz since the last reset